Statistics for Starter Pokemon (Fire)

Click here to take the quiz!

General Stats

  • This quiz has been taken 316 times
  • The average score is 15 of 18

Answer Stats

HintAnswer% Correct
Gen1/FireCharmander
100%
Gen1/FireCharizard
96%
Gen1/FireCharmeleon
96%
Gen3/FireTorchic
90%
Gen3/FireBlaziken
88%
Gen4/FireChimchar
88%
Gen5/FireTepig
88%
Gen2/FireCyndaquil
87%
Gen3/FireCombusken
84%
Gen4/FireInfernape
84%
Gen2/FireQuilava
83%
Gen5/FireEmboar
82%
Gen2/FireTyphlosion
82%
Gen4/FireMonferno
78%
Gen6/FireFennekin
77%
Gen5/FirePignite
74%
Gen6/FireDelphox
73%
Gen6/FireBraixen
68%

Score Distribution

Percentile by Number Answered

Percent of People with Each Score

Your Score History

You have not taken this quiz